000 00542nam a22001697a 4500
005 20240809093519.0
008 240809b |||||||| |||| 00| 0 eng d
020 _a0409016810
041 _aEnglish
082 _a349 SOU
100 _lEnglish
245 _aButterworths Consolidated Index and Noter-Up to the South African Law Reports 1947-1995
260 _aDurban:
_bButterworths Publishers (Pty) Ltd,
_c1996
300 _bviii, 885 pages;
_c25 cm.
650 _aLegal practice
_bLaw
942 _cBK
_6ALISON_BN_VRIES
999 _c2543
_d2543